000 01434nam a22004097a 4500
003 OSt
005 20230525080931.0
008 221006b |||||||| |||| 00| 0 eng d
040 _cBiblioteca Lado V
082 _a700
_bA786l
110 _9830
_aARTEDER
_eEditor
245 _aLAPIZ/
_bRevista Mensual de Arte/
260 _bFeria internacional de Bilbao
_c2000
_aEspaña
300 _c22x29cm
_a98p.
366 _espa
490 _a163
_vXIX
505 _aEditorial
505 _aLa Postsublimidad
505 _aArte y Artistas en la guerra de las imágenes
505 _aLaos ciberobjetos de Arnaldo morales
505 _aCibersublime
505 _aEntrevista con Pep Agut
505 _aSignos del siglo: Diseño Gráfico en España
505 _aCronicas de Exposiciones
505 _aActualidad
505 _aPublicaciones
650 _2Tesauro de Arte & Arquitectura
_aARTE
_9703
650 _2Tesauro de Arte & Arquitectura
_aARQUITECTURA
650 _2Tesauro de Arte & Arquitectura
_aFOTOGRAFIA
_9702
650 _2Tesauro de Arte & Arquitectura
_aENTREVISTAS
650 _2Tesauro de Arte & Arquitectura
_aARQUEOLOGIA
650 _2Tesauro de Arte & Arquitectura
_aREPORTAJES
650 _2Tesauro de Arte & Arquitectura
_aLIBROS
650 _2Tesauro de Arte & Arquitectura
_aNOTICIAS
651 _2Tesauro de Arte & Arquitectura
_aSUBASTAS
942 _2ddc
_c1
_h700
_iA786l
_n0
999 _c3720
_d3720